[Event "Sao Paulo ECP op 5th"]
[Site "Sao Paulo"]
[Date "2019.11.30"]
[Round "3"]
[White "Correa, Joao Pedro Vieira"]
[Black "Vilanova, Luis Molist"]
[Result "0-1"]
[WhiteElo "1696"]
[BlackElo "1487"]
[PlyCount "76"]
[EventDate "2019.11.29"]
[EventType "swiss"]
[EventRounds "6"]
[EventCountry "BRA"]
[SourceTitle "CBM 193 Extra"]
[Source "ChessBase"]
[SourceDate "2020.01.31"]
[SourceVersion "1"]
[SourceVersionDate "2020.01.31"]
[SourceQuality "1"]

1. e4 c5 2. Nf3 e6 3. d4 cxd4 4. Nxd4 a6 5. Bd3 Nf6 6. c4 Nc6 7. Nxc6 dxc6 8. 0-0 e5 9. h3 Be7 10. Qe2 0-0 11. Be3 Nd7 12. Rd1 Qc7 13. Nc3 Bc5 14. Bg5 h6 15. Bh4 Re8 16. a3 Nf8 17. b4 Bd4 18. Rac1 Ne6 19. c5 Bxc3 20. Rxc3 Nd4 21. Qe3 Nb5 22. Bxb5 axb5 23. Rd6 Be6 24. Rcd3 Kh7 25. g4 f6 26. Qd2 Qe7 27. Kg2 Qf7 28. Bg3 Re7 29. f4 exf4 30. Bxf4 Bc4 31. Re3 Rae8 32. Qc2 Qg6 33. Kf3 Bd5 34. Qe2 Rxe4 35. Kg3 h5 36. Rd7 h4+ 37. Kg2 Rxf4+ 38. Kg1 Qb1+ 0-1